<?xml version="1.0" encoding="UTF-8"?><?xml-stylesheet type="text/xsl" href="static/style.xsl"?><OAI-PMH xmlns="http://www.openarchives.org/OAI/2.0/" xmlns:xsi="http://www.w3.org/2001/XMLSchema-instance" xsi:schemaLocation="http://www.openarchives.org/OAI/2.0/ http://www.openarchives.org/OAI/2.0/OAI-PMH.xsd"><responseDate>2026-04-26T07:15:52Z</responseDate><request verb="GetRecord" identifier="oai:uvadoc.uva.es:10324/8352" metadataPrefix="marc">https://uvadoc.uva.es/oai/request</request><GetRecord><record><header><identifier>oai:uvadoc.uva.es:10324/8352</identifier><datestamp>2025-02-05T11:04:37Z</datestamp><setSpec>com_10324_38</setSpec><setSpec>col_10324_787</setSpec></header><metadata><record xmlns="http://www.loc.gov/MARC21/slim" xmlns:doc="http://www.lyncode.com/xoai" xmlns:xsi="http://www.w3.org/2001/XMLSchema-instance" xmlns:dcterms="http://purl.org/dc/terms/" xsi:schemaLocation="http://www.loc.gov/MARC21/slim http://www.loc.gov/standards/marcxml/schema/MARC21slim.xsd">
<leader>00925njm 22002777a 4500</leader>
<datafield tag="042" ind1=" " ind2=" ">
<subfield code="a">dc</subfield>
</datafield>
<datafield tag="720" ind1=" " ind2=" ">
<subfield code="a">Santiago Rebollo, Laura</subfield>
<subfield code="e">author</subfield>
</datafield>
<datafield tag="260" ind1=" " ind2=" ">
<subfield code="c">2014</subfield>
</datafield>
<datafield tag="520" ind1=" " ind2=" ">
<subfield code="a">Los alumnos a los que nos enfrentamos en el aula hoy en día han&#xd;
sido socializados culturalmente bajo la influencia de las nuevas tecnologías (teléfono&#xd;
móvil, internet, videojuegos,…), lo cual requiere que los profesores nos planteemos&#xd;
nuevos modelos educativos y métodos de enseñanza.&#xd;
Una opción que se me presentó en mi labor como profesora en el curso 2011/2012 es&#xd;
tener que dar clase haciendo uso de la pizarra digital y sus aplicaciones. Con lo cual,&#xd;
pude ver como prestaban más atención a las explicaciones, despertaba una curiosidad&#xd;
con ilustraciones que en otros años tanto esfuerzo me costaba transmitirles. Decidí&#xd;
entonces, compaginar en mi labor docente las clases magistrales con clases aplicando&#xd;
TIC´S.&#xd;
He aquí el motivo por el que con este Trabajo pretendo desarrollar una parte del temario&#xd;
de Matemáticas, en concreto la Geometría de 3º ESO. Mi idea es poder usar en los&#xd;
sucesivos cursos con los alumnos estos cuadernos que he realizado.</subfield>
</datafield>
<datafield tag="024" ind2=" " ind1="8">
<subfield code="a">http://uvadoc.uva.es/handle/10324/8352</subfield>
</datafield>
<datafield ind1=" " ind2=" " tag="653">
<subfield code="a">Geometría - Estudio y enseñanza (Secundaria)</subfield>
</datafield>
<datafield ind1=" " ind2=" " tag="653">
<subfield code="a">Nuevas tecnologías en el aula</subfield>
</datafield>
<datafield tag="245" ind1="0" ind2="0">
<subfield code="a">Aplicación de nuevas tecnologías (TIC`s) en geometría en 3º ESO. Elaboración de "Cuadernos de Trabajo"</subfield>
</datafield>
</record></metadata></record></GetRecord></OAI-PMH>